00608 2200217 4500001002100000005001500021035002000036245005100056100002800107250001000135300003800145260003600183082000800219084001400227020001900241600003600260600003200296600003100328505001100359990002000370INLIS00000000000467920231107074918 a0010-11230000301 aBook Of Life Burung /cCamilla De La Bedoyere0 aCamilla De La Bedoyere aCet 1 a62 hlm :bilus ;c17,2 x 24,7 cm. aBandung; :bPakar Raya;,c2013. a598 a598 CAM b a978979534783-5 aPengalih Bahasa,Rachmad Isnanto aPenyunting Materi,Rudiyanto aPewajah Ulang,Eka Ernawati aIndeks a12477/P/BL/2016